Plusy a mínusy cestovného ruchu
Technologické prostredie ako významný faktor ovyplyvňujúci rozvoj hospodárstva. Cestovný ruch a technologické prostredie. Ekologické prostredie a cestovný ruch. Výhody na Slovensku. Porovnanie Slovenska so susedmi.
Guardado en:
| Formato: | Capítulo de libro |
|---|---|
| Lenguaje: | eslovaco |
| Materias: | |
| Etiquetas: |
Sin Etiquetas, Sea el primero en etiquetar este registro!
|
MARC
| LEADER | 00000naa a2200000 4500 | ||
|---|---|---|---|
| 001 | r045900 | ||
| 005 | 20230920074745.3 | ||
| 041 | 0 | |a slo | |
| 044 | |a SK | ||
| 245 | 1 | 0 | |a Plusy a mínusy cestovného ruchu |
| 520 | |a Technologické prostredie ako významný faktor ovyplyvňujúci rozvoj hospodárstva. Cestovný ruch a technologické prostredie. Ekologické prostredie a cestovný ruch. Výhody na Slovensku. Porovnanie Slovenska so susedmi. | ||
| 610 | 2 | 0 | |a ruch cestovný |
| 610 | 2 | 0 | |a regióny |
| 610 | 2 | 0 | |a spolupráca cezhraničná |
| 610 | 2 | 0 | |a ekológia |
| 610 | 2 | 0 | |a konkurencia |
| 610 | 2 | 0 | |a Slovensko |
| 610 | 2 | 0 | |a SVE |